000 00595nam a2200193Ia 4500
005 20250508152253.0
008 008 250505s9999 xx 000 0 eng d
037 _aBooks to be hide in OPAC
040 _aFEDL
_beng
_cFEDL
041 _aeng
_2eng
084 _a371.3, ARN/O
_qFEDL
100 _aArneil Isobel S
_9761118
245 0 _aEquip that infant room (Making the most out of nothing)
260 _aLondon, UK
_bThomas Nelson and Sons Limited
_c1957
300 _a32p
490 _aThe teaching aids series; 4
942 _cHB
_h371.3, ARN/O
999 _c1335425
_d1335425